[Event "Calgary int."]
[Site "Calgary CAN"]
[Date "2016.07.29"]
[Round "4.3"]
[White "Panjwani, Raja"]
[Black "Troff, Kayden"]
[Result "0-1"]
[WhiteElo "2388"]
[BlackElo "2543"]
[PlyCount "106"]
[EventDate "2016.07.27"]
[EventType "swiss"]
[EventRounds "9"]
[EventCountry "CAN"]

1. Nf3 Nf6 2. g3 g6 3. Bg2 Bg7 4. O-O d5 5. d3 O-O 6. Nbd2 c5 7. e4 Nc6 8. Re1
e5 9. exd5 Nxd5 10. Nc4 Re8 11. a4 b6 12. c3 h6 13. Nfd2 Be6 14. Ne4 Qc7 15. a5
Rad8 16. Qa4 Nde7 17. axb6 axb6 18. Qb5 Nd5 19. Ra6 Na7 20. Qa4 Nc8 21. Ra8 Rf8
22. Na3 Bd7 23. Nb5 Bxb5 24. Qxb5 Na7 25. Rxd8 Nxb5 26. Rxd5 Rd8 27. Rxd8+ Qxd8
28. Bf1 Nc7 29. Nd2 b5 30. Nf3 Qd5 31. Nh4 Ne6 32. c4 bxc4 33. dxc4 Qb7 34. Be3
Nd4 35. Bxd4 cxd4 36. Bd3 Qb3 37. Be4 Qxc4 38. g4 d3 39. Nf3 Bf8 40. Kg2 Bb4
41. Re3 d2 42. Nxe5 Qd4 43. Bf3 d1=Q 44. Bxd1 Qxd1 45. h3 Bc5 46. Rf3 Qd5 47.
Nxf7 Kg7 48. h4 Bb6 49. g5 h5 50. Nh6 Bc7 51. b4 Bf4 52. b5 Qe4 53. b6 Qb7 0-1

[Event "Calgary int."]
[Site "Calgary CAN"]
[Date "2016.07.30"]
[Round "5.4"]
[White "Panjwani, Raja"]
[Black "Peter, Steven"]
[Result "1-0"]
[WhiteElo "2388"]
[BlackElo "2083"]
[PlyCount "49"]
[EventDate "2016.07.27"]
[EventType "swiss"]
[EventRounds "9"]
[EventCountry "CAN"]

1. Nf3 d5 2. e3 Bg4 3. c4 e6 4. Qb3 Bxf3 5. Qxb7 Nd7 6. gxf3 Ngf6 7. cxd5 Rb8
8. Qc6 Rb6 9. Qa4 Rb4 10. Qc2 Nxd5 11. Nc3 Bd6 12. Nxd5 exd5 13. Qf5 c6 14. b3
g6 15. Qc2 Rb6 16. Bb2 O-O 17. h4 Be5 18. d4 Bd6 19. h5 Qe7 20. Bd3 Bb4+ 21.
Ke2 Kg7 22. Rag1 Qf6 23. Rg4 Re8 24. hxg6 hxg6 25. Rhg1 1-0

[Event "Calgary int."]
[Site "Calgary CAN"]
[Date "2016.07.30"]
[Round "6.4"]
[White "Brown, Michael William"]
[Black "Panjwani, Raja"]
[Result "0-1"]
[WhiteElo "2425"]
[BlackElo "2388"]
[PlyCount "102"]
[EventDate "2016.07.27"]
[EventType "swiss"]
[EventRounds "9"]
[EventCountry "CAN"]

1. d4 Nf6 2. c4 c5 3. d5 g6 4. Nc3 Bg7 5. e4 O-O 6. Nf3 e5 7. Be2 d6 8. Be3 Ng4
9. Bg5 f6 10. Bh4 Na6 11. Nd2 Nh6 12. a3 Qe7 13. Rb1 Bd7 14. b4 b6 15. O-O Nf7
16. Bg4 Be8 17. Be6 Kh8 18. Nb5 Nd8 19. Bh3 h5 20. f3 Bh6 21. Qe2 Nf7 22. Rb3
Ng5 23. Bxg5 Bxg5 24. g3 f5 25. f4 exf4 26. gxf4 Bxf4 27. Qg2 Be5 28. exf5 gxf5
29. Kh1 f4 30. Be6 Qh7 31. Ne4 Bg6 32. Nbxd6 Bxd6 33. Nxd6 Rad8 34. Qb2+ Qg7
35. Qxg7+ Kxg7 36. Nb5 Bc2 37. Rb2 Bd3 38. Rc1 f3 39. Kg1 cxb4 40. axb4 Nxb4
41. Kf2 a5 42. Ke3 Bg6 43. Rf1 Nd3 44. Rd2 Ne5 45. Kd4 Rf4+ 46. Ke3 Nxc4+ 47.
Kxf4 Rf8+ 48. Kg5 Nxd2 49. Rc1 Ne4+ 50. Kh4 f2 51. Rc7+ Kh6 0-1

[Event "Calgary int."]
[Site "Calgary CAN"]
[Date "2016.07.31"]
[Round "7.3"]
[White "Panjwani, Raja"]
[Black "Bruzon Batista, Lazaro"]
[Result "1-0"]
[WhiteElo "2388"]
[BlackElo "2643"]
[PlyCount "71"]
[EventDate "2016.07.27"]
[EventType "swiss"]
[EventRounds "9"]
[EventCountry "CAN"]

1. Nf3 Nf6 2. c4 c5 3. b3 e6 4. Bb2 Be7 5. e3 O-O 6. d4 cxd4 7. exd4 d5 8. Bd3
b6 9. O-O Bb7 10. Nbd2 Nbd7 11. Qe2 Rc8 12. Rac1 g6 13. Rfd1 Re8 14. Nf1 Bf8
15. Ne3 Bg7 16. Ne5 dxc4 17. Bxc4 Nb8 18. Bb5 Rxc1 19. Rxc1 Re7 20. Qc4 Nd5 21.
Nxd5 exd5 22. Qc3 Qd6 23. Qg3 Rc7 24. Re1 Bf8 25. Ba3 Qxa3 26. Nxg6 hxg6 27.
Qxc7 Qb4 28. Re8 Ba6 29. a4 Bxb5 30. axb5 Qxb3 31. g3 Qxb5 32. Qxb8 Qb4 33.
Qxa7 Kg7 34. Qb8 Bd6 35. Qd8 b5 36. Kg2 1-0

[Event "Calgary int."]
[Site "Calgary CAN"]
[Date "2016.07.31"]
[Round "8.2"]
[White "Preotu, Razvan"]
[Black "Panjwani, Raja"]
[Result "1-0"]
[WhiteElo "2462"]
[BlackElo "2388"]
[PlyCount "83"]
[EventDate "2016.07.27"]
[EventType "swiss"]
[EventRounds "9"]
[EventCountry "CAN"]

1. e4 g6 2. d4 Bg7 3. c4 d6 4. Nc3 Nf6 5. Nf3 O-O 6. h3 c5 7. d5 e6 8. Bd3 Na6
9. O-O Nc7 10. Re1 Re8 11. Bg5 h6 12. Bh4 g5 13. Bg3 Nh5 14. Bh2 Nf4 15. dxe6
Ncxe6 16. Nd5 Nxd5 17. exd5 Nc7 18. Qc2 Qf6 19. Rxe8+ Nxe8 20. Nd2 Qxb2 21. Re1
Kf8 22. Qa4 b5 23. Qxb5 Qxb5 24. cxb5 Bb7 25. Bc4 Rd8 26. Nb3 Rd7 27. Rd1 Bc3
28. Rc1 Bb4 29. a3 Bxa3 30. Ra1 Bb4 31. Rxa7 Re7 32. g4 Re4 33. Rxb7 Rxc4 34.
Rb8 Ke7 35. b6 Bc3 36. Kg2 Nf6 37. b7 Nd7 38. Rc8 Rb4 39. Na5 Kf6 40. Rc7 Nb8
41. Nc6 Nxc6 42. dxc6 1-0

[Event "Calgary int."]
[Site "Calgary CAN"]
[Date "2016.08.01"]
[Round "9.3"]
[White "Panjwani, Raja"]
[Black "Popilski, Gil"]
[Result "0-1"]
[WhiteElo "2388"]
[BlackElo "2542"]
[PlyCount "104"]
[EventDate "2016.07.27"]
[EventType "swiss"]
[EventRounds "9"]
[EventCountry "CAN"]

1. Nf3 d5 2. e3 Nc6 3. Bb5 Qd6 4. b3 a6 5. Bxc6+ Qxc6 6. Ne5 Qe6 7. Bb2 Qf5 8.
f4 f6 9. Nf3 Qh5 10. O-O Bd7 11. c4 e6 12. Qc2 dxc4 13. bxc4 c5 14. Nc3 Nh6 15.
Na4 Bc6 16. d4 Be7 17. Nxc5 Bxc5 18. dxc5 Qxc5 19. Qb3 Nf5 20. Nd4 Nxd4 21.
exd4 Qf5 22. Ba3 Kf7 23. Rae1 Rhd8 24. Qe3 b5 25. c5 a5 26. Rf2 h5 27. Bb2 h4
28. Qh3 Qxh3 29. gxh3 Bd5 30. a3 Kg6 31. Bc3 Kf5 32. Rb1 Rdb8 33. Rfb2 Be4 34.
Re1 b4 35. axb4 axb4 36. Bxb4 Ra4 37. Bc3 Rxb2 38. Bxb2 Rb4 39. Bc3 Rb3 40. Rc1
Bc6 41. Be1 Rxh3 42. Ra1 Rd3 43. Bxh4 Rxd4 44. Bg3 Rc4 45. Ra7 g6 46. Rf7 Rxc5
47. Bh4 Kg4 48. Bxf6 Kf3 49. h3 Kg3 50. Bb2 Rd5 51. Kf1 Kf3 52. Ke1 Ba4 0-1

[Event "Kitchener Masters"]
[Site "Kitchener CAN"]
[Date "2015.07.31"]
[Round "1"]
[White "Cao, Jason"]
[Black "Panjwani, Raja"]
[Result "1-0"]
[WhiteElo "2332"]
[BlackElo "2400"]
[PlyCount "57"]
[EventDate "2015.07.31"]
[EventType "schev"]
[EventRounds "10"]
[EventCountry "CAN"]
[Source "Chessbase"]
[SourceDate "2015.08.28"]
[WhiteTeam "Team 1"]
[BlackTeam "Team 2"]

1. e4 c5 2. Nf3 g6 3. d4 cxd4 4. Nxd4 Nc6 5. Nc3 Bg7 6. Be3 Nf6 7. Bc4 O-O 8.
Bb3 a6 9. f3 Qc7 10. Qd2 b5 11. O-O-O Bb7 12. h4 h5 13. g4 Na5 14. Bh6 Nxb3+
15. axb3 b4 16. Nce2 hxg4 17. Bxg7 Kxg7 18. Qg5 Nh7 19. Qxe7 Qa5 20. Qxd7 gxf3
21. Nf4 Qa1+ 22. Kd2 Qxb2 23. Nde6+ Kg8 24. Nxf8 Qc3+ 25. Kc1 Bxe4 26. Rh2 Qa1+
27. Kd2 Qe5 28. N8xg6 Nf6 29. Nxe5 1-0

[Event "Kitchener Masters"]
[Site "Kitchener CAN"]
[Date "2015.07.31"]
[Round "2"]
[White "Panjwani, Raja"]
[Black "Cao, Jason"]
[Result "1-0"]
[WhiteElo "2400"]
[BlackElo "2332"]
[PlyCount "71"]
[EventDate "2015.07.31"]
[EventType "schev"]
[EventRounds "10"]
[EventCountry "CAN"]
[Source "Chessbase"]
[SourceDate "2015.08.28"]
[WhiteTeam "Team 2"]
[BlackTeam "Team 1"]

1. d4 Nf6 2. Nf3 e6 3. c4 b6 4. e3 Bb7 5. Bd3 Be7 6. O-O O-O 7. Nbd2 d5 8. b3
Nbd7 9. Bb2 Ne4 10. Qe2 f5 11. Rac1 Bd6 12. cxd5 exd5 13. Ne5 Qe7 14. f4 Ndf6
15. Ndf3 c5 16. dxc5 bxc5 17. Ba6 Rab8 18. Bxb7 Qxb7 19. Nh4 Qc8 20. Nd3 Qe6
21. Rc2 Rfc8 22. Rfc1 c4 23. Ne5 cxb3 24. axb3 Bc5 25. Nhf3 g6 26. Nd4 Qe8 27.
h3 Rc7 28. Nd3 Bxd4 29. Bxd4 Rxc2 30. Qxc2 Rb7 31. Nc5 Rc7 32. Nxe4 Rxc2 33.
Nxf6+ Kf7 34. Rxc2 Qb8 35. Ra2 Qxb3 36. Rxa7+ 1-0

[Event "Kitchener Masters"]
[Site "Kitchener CAN"]
[Date "2015.08.01"]
[Round "3"]
[White "Sambuev, Bator"]
[Black "Panjwani, Raja"]
[Result "1/2-1/2"]
[WhiteElo "2532"]
[BlackElo "2400"]
[PlyCount "102"]
[EventDate "2015.07.31"]
[EventType "schev"]
[EventRounds "10"]
[EventCountry "CAN"]
[Source "Chessbase"]
[SourceDate "2015.08.28"]
[WhiteTeam "Team 1"]
[BlackTeam "Team 2"]

1. d4 Nf6 2. Nf3 e6 3. e3 b6 4. Bd3 Bb7 5. O-O d5 6. b3 Bd6 7. Bb2 O-O 8. Nbd2
Nbd7 9. Ne5 Ne4 10. Nxe4 dxe4 11. Bb5 Nxe5 12. dxe5 Bc5 13. Qg4 a6 14. Rfd1 Qe7
15. Bf1 Ba3 16. Bd4 Rad8 17. g3 g6 18. h4 h5 19. Qf4 Rd7 20. Bg2 Rfd8 21. Rf1
Qb4 22. Rab1 Qd2 23. b4 Bxb4 24. Bxe4 Bxe4 25. Qxe4 Be7 26. Qc6 Qa5 27. c4 Qxa2
28. Ra1 Qe2 29. Rxa6 Bc5 30. Ra8 Qxc4 31. Rxd8+ Rxd8 32. Qxc7 Ra8 33. Bxc5 Qxc5
34. Qxc5 bxc5 35. Rc1 Ra5 36. Kg2 Kf8 37. Rb1 c4 38. f4 Ke8 39. Kf3 Kd7 40. Ke4
Kc6 41. Kd4 Ra2 42. Kxc4 Rg2 43. Kd4 Rxg3 44. Rh1 Rg4 45. Ke4 Kd7 46. Kf3 Ke7
47. Rh2 f6 48. exf6+ Kxf6 49. Rh1 e5 50. fxe5+ Kxe5 51. Rh2 Kf5 1/2-1/2

[Event "Kitchener Masters"]
[Site "Kitchener CAN"]
[Date "2015.08.01"]
[Round "4"]
[White "Panjwani, Raja"]
[Black "Sambuev, Bator"]
[Result "1-0"]
[WhiteElo "2400"]
[BlackElo "2532"]
[PlyCount "67"]
[EventDate "2015.07.31"]
[EventType "schev"]
[EventRounds "10"]
[EventCountry "CAN"]
[Source "Chessbase"]
[SourceDate "2015.08.28"]
[WhiteTeam "Team 2"]
[BlackTeam "Team 1"]

1. Nf3 d6 2. d4 Nf6 3. g3 Nbd7 4. Bg2 e5 5. O-O Be7 6. c4 O-O 7. Nc3 c6 8. e4
Qc7 9. h3 a6 10. a4 a5 11. Be3 exd4 12. Nxd4 Re8 13. g4 Nc5 14. g5 Nfd7 15. f4
Bf8 16. Qc2 Na6 17. Rad1 Ndc5 18. Qe2 Qb6 19. f5 Qb4 20. g6 hxg6 21. fxg6 fxg6
22. Qf2 Bd7 23. Qf7+ Kh7 24. Rf6 Re7 25. Qxg6+ Kg8 26. Rdf1 Nd3 27. Nf3 Ne5 28.
Nxe5 dxe5 29. Bg5 Rae8 30. Rf7 Re6 31. Bf6 Rxf6 32. R1xf6 Qb6+ 33. Kh2 Qd8 34.
Rxg7+ 1-0

[Event "Kitchener Masters"]
[Site "Kitchener CAN"]
[Date "2015.08.02"]
[Round "5"]
[White "Bareev, Evgeny"]
[Black "Panjwani, Raja"]
[Result "1-0"]
[WhiteElo "2663"]
[BlackElo "2400"]
[PlyCount "57"]
[EventDate "2015.07.31"]
[EventType "schev"]
[EventRounds "10"]
[EventCountry "CAN"]
[Source "Chessbase"]
[SourceDate "2015.08.28"]
[WhiteTeam "Team 1"]
[BlackTeam "Team 2"]

1. d4 Nf6 2. c4 e6 3. Nc3 Bb4 4. Qc2 d5 5. cxd5 exd5 6. Bg5 h6 7. Bh4 c5 8.
dxc5 Be6 9. e3 Nbd7 10. Bb5 g5 11. Bg3 Qa5 12. Bxd7+ Nxd7 13. Nge2 Nxc5 14. O-O
Rc8 15. f3 O-O 16. a3 Bxc3 17. Nxc3 Qb6 18. Rad1 Rfd8 19. Be5 Qb3 20. Qf2 Na4
21. f4 Nxb2 22. fxg5 Nxd1 23. Qf6 Kf8 24. Qxe6 Nf2 25. Qxh6+ Ke8 26. g6 Rxc3
27. gxf7+ Kd7 28. Qd6+ Kc8 29. Qe6+ 1-0

[Event "Kitchener Masters"]
[Site "Kitchener CAN"]
[Date "2015.08.02"]
[Round "6"]
[White "Panjwani, Raja"]
[Black "Bareev, Evgeny"]
[Result "0-1"]
[WhiteElo "2400"]
[BlackElo "2663"]
[PlyCount "104"]
[EventDate "2015.07.31"]
[EventType "schev"]
[EventRounds "10"]
[EventCountry "CAN"]
[Source "Chessbase"]
[SourceDate "2015.08.28"]
[WhiteTeam "Team 2"]
[BlackTeam "Team 1"]

1. c4 e5 2. Nc3 Nf6 3. Nf3 Nc6 4. e4 h6 5. a3 d6 6. d4 Bg4 7. d5 Nd4 8. Be2
Bxf3 9. Bxf3 c5 10. O-O Be7 11. Be2 a6 12. Bd3 Nd7 13. Bd2 Bg5 14. Be1 Rb8 15.
b4 O-O 16. Rb1 b6 17. Ne2 Nxe2+ 18. Qxe2 Qc7 19. Bc2 cxb4 20. axb4 Rfc8 21. Ba4
b5 22. cxb5 Nb6 23. Bb3 axb5 24. g3 Na4 25. h4 Bd8 26. Qd3 Qa7 27. Bd2 Bb6 28.
Kg2 Bd4 29. Rbc1 Rxc1 30. Rxc1 Bxf2 31. Rc6 Nb2 32. Qf3 Bg1 33. Rc1 Bd4 34. Qg4
Nd3 35. Rf1 Be3 36. Bc3 Qc7 37. Ba1 Bd4 38. Qd1 Bxa1 39. Qxa1 Rc8 40. Qa6 Qd7
41. Bd1 Nxb4 42. Qb6 Nc2 43. Bh5 g6 44. Bd1 Na3 45. Qe3 Nc4 46. Qxh6 Qa7 47.
Rf3 Qd4 48. Rxf7 Kxf7 49. Qh7+ Kf6 50. Qd7 Qxe4+ 51. Bf3 Ne3+ 52. Kh3 Qf5+ 0-1

[Event "Kitchener Masters"]
[Site "Kitchener CAN"]
[Date "2015.08.03"]
[Round "7"]
[White "Fedorowicz, John"]
[Black "Panjwani, Raja"]
[Result "1/2-1/2"]
[WhiteElo "2428"]
[BlackElo "2400"]
[PlyCount "31"]
[EventDate "2015.07.31"]
[EventType "schev"]
[EventRounds "10"]
[EventCountry "CAN"]
[Source "Chessbase"]
[SourceDate "2015.08.28"]
[WhiteTeam "Team 1"]
[BlackTeam "Team 2"]

1. e4 c5 2. Nf3 g6 3. d4 cxd4 4. Nxd4 Nc6 5. c4 Bg7 6. Be3 Nf6 7. Nc3 O-O 8.
Be2 d6 9. O-O Nxd4 10. Bxd4 Bd7 11. Qd2 Bc6 12. f3 a5 13. Rab1 Nd7 14. Be3 Nc5
15. Kh1 a4 16. Rfc1 1/2-1/2

[Event "Kitchener Masters"]
[Site "Kitchener CAN"]
[Date "2015.08.03"]
[Round "8"]
[White "Panjwani, Raja"]
[Black "Fedorowicz, John"]
[Result "1/2-1/2"]
[WhiteElo "2400"]
[BlackElo "2428"]
[PlyCount "87"]
[EventDate "2015.07.31"]
[EventType "schev"]
[EventRounds "10"]
[EventCountry "CAN"]
[Source "Chessbase"]
[SourceDate "2015.08.28"]
[WhiteTeam "Team 2"]
[BlackTeam "Team 1"]

1. Nf3 d5 2. d4 Nf6 3. c4 e6 4. Nc3 Be7 5. Bg5 h6 6. Bh4 O-O 7. e3 b6 8. Bd3
Bb7 9. O-O Nbd7 10. Bg3 c5 11. cxd5 exd5 12. Qc2 a6 13. dxc5 bxc5 14. Rfd1 Nb6
15. b3 Bd6 16. Bxd6 Qxd6 17. e4 Qc7 18. exd5 Nbxd5 19. Ne4 Rad8 20. Nxc5 Nb4
21. Qc4 Bxf3 22. gxf3 Nxd3 23. Nxd3 Qb7 24. Ne5 Rc8 25. Qd4 Rc2 26. Rd2 Rc7 27.
Rad1 Re7 28. f4 Rfe8 29. Qc4 Ng4 30. Rd7 Rxd7 31. Rxd7 Nxe5 32. Rxb7 Nxc4 33.
bxc4 Re2 34. a3 Re4 35. c5 Rc4 36. Ra7 Rxc5 37. Rxa6 Rc4 38. f5 Rc5 39. f6 g5
40. Kg2 Rc3 41. f3 Kh7 42. a4 Ra3 43. Kg3 Kg6 44. h3 1/2-1/2

[Event "Kitchener Masters"]
[Site "Kitchener CAN"]
[Date "2015.08.04"]
[Round "10"]
[White "Panjwani, Raja"]
[Black "Song, Michael"]
[Result "1/2-1/2"]
[WhiteElo "2400"]
[BlackElo "2316"]
[PlyCount "148"]
[EventDate "2015.07.31"]
[EventType "schev"]
[EventRounds "10"]
[EventCountry "CAN"]
[Source "Chessbase"]
[SourceDate "2015.08.28"]
[WhiteTeam "Team 2"]
[BlackTeam "Team 1"]

1. Nf3 Nf6 2. c4 g6 3. b3 Bg7 4. Bb2 O-O 5. g3 d6 6. Bg2 e5 7. d3 Nh5 8. Nc3 f5
9. O-O Nc6 10. e3 Ne7 11. d4 e4 12. Nd2 c6 13. b4 d5 14. b5 Rf7 15. Ba3 f4 16.
Bxe7 Rxe7 17. gxf4 Kh8 18. Qa4 Qd6 19. b6 Nxf4 20. c5 Qb8 21. exf4 axb6 22. Qb4
Qxf4 23. cxb6 Re8 24. Ne2 Qh6 25. Ng3 Bg4 26. Nb3 Qf4 27. Qc3 h5 28. h3 Bf3 29.
Qe3 Qf6 30. Rfe1 h4 31. Nf1 Kh7 32. Nh2 Bh6 33. Qc3 Bh5 34. Ng4 Bxg4 35. hxg4
e3 36. fxe3 h3 37. Bxh3 Qf3 38. Bg2 Qg3 39. Qd2 Bxe3+ 40. Rxe3 Rxe3 41. Rf1
Rae8 42. Qf2 Qxg4 43. Qf7+ Kh6 44. Qf4+ Qxf4 45. Rxf4 R8e7 46. Nc5 Ra3 47. Rf2
Re1+ 48. Kh2 Rb1 49. Nb3 Ra6 50. Bf1 Rxb6 51. Bd3 Rd1 52. Bc2 Re1 53. Kg3 Ra6
54. Bd3 Re3+ 55. Rf3 Rxf3+ 56. Kxf3 Rxa2 57. Kf4 Rb2 58. Nc5 g5+ 59. Ke5 g4 60.
Kf4 Kh5 61. Kg3 b6 62. Nd7 Rb3 63. Ne5 c5 64. Kf4 g3 65. Be2+ Kh6 66. Bf3 cxd4
67. Bxd5 Rb5 68. Ng4+ Kg7 69. Be4 d3 70. Kxg3 d2 71. Bc2 Rc5 72. Bd1 b5 73. Kf2
b4 74. Ke2 Rc1 1/2-1/2

[Event "CAN-ch"]
[Site "Guelph CAN"]
[Date "2015.07.10"]
[Round "1.6"]
[White "Panjwani, Raja"]
[Black "Haessel, Dale"]
[Result "1-0"]
[WhiteElo "2542"]
[BlackElo "2274"]
[PlyCount "29"]
[EventDate "2015.07.10"]
[EventType "swiss"]
[EventRounds "9"]
[EventCountry "CAN"]
[TimeControl "40/5400+30:1800+30"]

1. g3 Nf6 2. Bg2 c5 3. c4 Nc6 4. Nc3 g6 5. Nf3 d5 6. cxd5 Nxd5 7. O-O Bg7 8.
Nxd5 Qxd5 9. d3 Bd7 10. Ng5 Qf5 11. Qb3 Nd4 12. Qxb7 Nxe2+ 13. Kh1 Rd8 14. Be3
Qxd3 15. Rfd1 1-0

[Event "CAN-ch"]
[Site "Guelph CAN"]
[Date "2015.07.11"]
[Round "2.5"]
[White "Gentes, Kevin"]
[Black "Panjwani, Raja"]
[Result "0-1"]
[WhiteElo "2353"]
[BlackElo "2542"]
[PlyCount "106"]
[EventDate "2015.07.10"]
[EventType "swiss"]
[EventRounds "9"]
[EventCountry "CAN"]
[TimeControl "40/5400+30:1800+30"]

1. Nf3 Nf6 2. g3 d5 3. Bg2 e6 4. O-O Be7 5. c4 O-O 6. d4 dxc4 7. Qc2 a6 8. Qxc4
b5 9. Qc2 Bb7 10. Bf4 Nc6 11. Rd1 Nb4 12. Qc1 Nbd5 13. Nc3 Rc8 14. Nxd5 Bxd5
15. Be3 Ng4 16. Ne1 Bxg2 17. Nxg2 Qd5 18. h3 Nxe3 19. Qxe3 Rfd8 20. Nf4 Qd6 21.
Rac1 c5 22. dxc5 Qxd1+ 23. Rxd1 Rxd1+ 24. Kg2 Bxc5 25. Qe4 Rd7 26. a4 Bf8 27.
axb5 axb5 28. Qe5 b4 29. Nd3 g6 30. b3 Rc3 31. Qb8 Rdxd3 32. exd3 Rxd3 33. g4
Rc3 34. g5 Rd3 35. h4 Rd5 36. f4 Kg7 37. Qb7 Bd6 38. Qb6 Bc5 39. Qb8 Rd2+ 40.
Kf1 Bf8 41. Kg1 Kg8 42. Qb5 Rb2 43. Qe5 Rb1+ 44. Kg2 Rxb3 45. Kh2 Rc3 46. Kg2
Rd3 47. Qe4 Rd5 48. Qc4 h5 49. Kh3 Ra5 50. Kg2 Ra3 51. Qc2 Rc3 52. Qd2 Rc4 53.
Kf3 b3 0-1

[Event "CAN-ch"]
[Site "Guelph CAN"]
[Date "2015.07.11"]
[Round "3.3"]
[White "Panjwani, Raja"]
[Black "Plotkin, Victor"]
[Result "1-0"]
[WhiteElo "2542"]
[BlackElo "2400"]
[PlyCount "73"]
[EventDate "2015.07.10"]
[EventType "swiss"]
[EventRounds "9"]
[EventCountry "CAN"]
[TimeControl "40/5400+30:1800+30"]

1. Nf3 Nf6 2. c4 e6 3. d4 b6 4. Nc3 Bb7 5. g3 d5 6. Bg2 Be7 7. Ne5 O-O 8. O-O
Qc8 9. cxd5 Nxd5 10. Nxd5 Bxd5 11. e4 Bb7 12. d5 exd5 13. exd5 Bd6 14. Nc4 Na6
15. a3 Qf5 16. b4 Rad8 17. Re1 Rfe8 18. Rxe8+ Rxe8 19. Bb2 f6 20. Rc1 Bf8 21.
Ne3 Qd7 22. Qc2 Bd6 23. Be4 Qh3 24. Bf5 Qh5 25. Bg4 Qg6 26. Be6+ Kh8 27. Nf5
Be5 28. Bxe5 fxe5 29. Qe2 Qf6 30. Ne3 Rd8 31. Ng4 Qg5 32. f4 exf4 33. Ne5 Rf8
34. Nf7+ Rxf7 35. Bxf7 Qd8 36. Re1 h6 37. Qc2 1-0

[Event "CAN-ch"]
[Site "Guelph CAN"]
[Date "2015.07.12"]
[Round "4.1"]
[White "Sambuev, Bator"]
[Black "Panjwani, Raja"]
[Result "1-0"]
[WhiteElo "2642"]
[BlackElo "2542"]
[PlyCount "57"]
[EventDate "2015.07.10"]
[EventType "swiss"]
[EventRounds "9"]
[EventCountry "CAN"]
[TimeControl "40/5400+30:1800+30"]

1. d4 Nf6 2. Nf3 e6 3. e3 b6 4. Bd3 Bb7 5. O-O d5 6. b3 Bd6 7. Bb2 O-O 8. c4
Nbd7 9. Nc3 a6 10. a3 Ne4 11. Qc2 f5 12. Ne2 c5 13. Nf4 Qe8 14. cxd5 exd5 15.
Rad1 Rc8 16. Qe2 g5 17. dxc5 bxc5 18. Nxd5 Bxd5 19. Bxe4 Qxe4 20. Rxd5 Qxd5 21.
Rd1 Qc6 22. Nxg5 Nb6 23. Qh5 Rc7 24. Nxh7 Bxh2+ 25. Qxh2 Rxh7 26. Qg3+ Kf7 27.
Rd6 Qe4 28. Rf6+ Ke8 29. Qb8+ 1-0

[Event "CAN-ch"]
[Site "Guelph CAN"]
[Date "2015.07.12"]
[Round "5.4"]
[White "Panjwani, Raja"]
[Black "Krnan, Tomas"]
[Result "0-1"]
[WhiteElo "2542"]
[BlackElo "2557"]
[PlyCount "80"]
[EventDate "2015.07.10"]
[EventType "swiss"]
[EventRounds "9"]
[EventCountry "CAN"]
[TimeControl "40/5400+30:1800+30"]

1. Nf3 Nf6 2. g3 g6 3. Bg2 Bg7 4. d4 d6 5. O-O O-O 6. a4 Na6 7. a5 c5 8. Nc3
Bd7 9. dxc5 Nxc5 10. Nd4 Qc8 11. e4 Bh3 12. Re1 Bxg2 13. Kxg2 h6 14. Nd5 Re8
15. Nb5 Nxd5 16. exd5 Nd7 17. Ra4 a6 18. Nd4 b5 19. axb6 Nxb6 20. Ra5 Qb7 21.
Nf3 Nc4 22. Ra2 Nxb2 23. Qe2 Qxd5 24. Rxb2 Bxb2 25. Bxb2 Rac8 26. Kg1 Qa2 27.
Bc1 Rxc2 28. Qe3 Qd5 29. Nd4 Rc4 30. Bb2 e5 31. Nf3 Rc2 32. Bc3 Qb3 33. Qxh6
Qxc3 34. Re3 Qc6 35. Kg2 Rc3 36. Rxc3 Qxc3 37. Ng5 Qc6+ 38. f3 Qc2+ 39. Kh3
Qf5+ 40. g4 Qf6 0-1

[Event "CAN-ch"]
[Site "Guelph CAN"]
[Date "2015.07.13"]
[Round "6.5"]
[White "Oussedik, Elias"]
[Black "Panjwani, Raja"]
[Result "1/2-1/2"]
[WhiteElo "2328"]
[BlackElo "2542"]
[PlyCount "99"]
[EventDate "2015.07.10"]
[EventType "swiss"]
[EventRounds "9"]
[EventCountry "CAN"]
[TimeControl "40/5400+30:1800+30"]

1. Nf3 Nf6 2. c4 e6 3. g3 d5 4. Bg2 Be7 5. O-O O-O 6. b3 c5 7. e3 Nc6 8. Bb2 b6
9. Nc3 dxc4 10. bxc4 Bb7 11. Qe2 a6 12. d3 Qc7 13. Ne1 Na5 14. f4 Bxg2 15. Nxg2
Rad8 16. Rad1 Rd7 17. g4 Rfd8 18. g5 Ne8 19. Rf3 Nd6 20. Rh3 g6 21. a4 f5 22.
gxf6 Bxf6 23. Nh4 Rf7 24. Nf3 Nc6 25. Ng5 Bxg5 26. fxg5 Rdf8 27. Qg4 Qe7 28.
Ne2 Rf5 29. Bf6 Qd7 30. e4 Ne5 31. Qg2 R5xf6 32. gxf6 Rxf6 33. Rf1 Rxf1+ 34.
Qxf1 Qxa4 35. Nf4 Qd7 36. Rg3 b5 37. cxb5 axb5 38. Qa1 Ndf7 39. Qa8+ Qd8 40.
Qa2 c4 41. dxc4 Ng5 42. cxb5 Qd4+ 43. Kf1 Nef3 44. Qa8+ Kf7 45. Ne2 Qd1+ 46.
Kf2 Qe1+ 47. Ke3 Qd2+ 48. Kf2 Qe1+ 49. Ke3 Qd2+ 50. Kf2 1/2-1/2

[Event "CAN-ch"]
[Site "Guelph CAN"]
[Date "2015.07.14"]
[Round "7.6"]
[White "Panjwani, Raja"]
[Black "Zhu, Hong Rui"]
[Result "0-1"]
[WhiteElo "2542"]
[BlackElo "2304"]
[PlyCount "90"]
[EventDate "2015.07.10"]
[EventType "swiss"]
[EventRounds "9"]
[EventCountry "CAN"]

1. d4 d5 2. Nf3 e6 3. c4 c6 4. e3 f5 5. Nc3 Bd6 6. Bd3 Nf6 7. O-O O-O 8. b3 Qe7
9. Bb2 Kh8 10. Qc2 Ne4 11. Ne2 Bd7 12. Ne5 Na6 13. Qc1 Rac8 14. f3 Ng5 15. Nf4
Kg8 16. Qe1 Nf7 17. a3 Nc7 18. b4 Ne8 19. c5 Bc7 20. h4 Nf6 21. h5 Be8 22. a4
Nxe5 23. dxe5 Nxh5 24. Nxh5 Bxh5 25. f4 a6 26. Bd4 Ra8 27. b5 axb5 28. axb5
Rfb8 29. Qb4 Be8 30. b6 Bd8 31. Ra4 Rxa4 32. Qxa4 Qd7 33. g4 g6 34. gxf5 gxf5
35. Rf2 Bg6 36. Qa7 Qc8 37. Ra2 Kf8 38. Bc2 Be7 39. Ba4 Bh5 40. e4 dxe4 41. Be3
Kf7 42. Bb3 Bf3 43. Rh2 Qg8+ 44. Kf1 Ra8 45. Qxb7 Ra1+ 0-1

[Event "PanAm-ch intercoll."]
[Site "South Padre Island USA"]
[Date "2014.12.29"]
[Round "5.3"]
[White "Panjwani, Raja"]
[Black "Moradiabadi, Elshan"]
[Result "1-0"]
[WhiteElo "2417"]
[BlackElo "2564"]
[PlyCount "109"]
[EventDate "2014.12.27"]
[EventType "team"]
[EventRounds "6"]
[EventCountry "USA"]
[Source "Chess Mix"]
[WhiteTeam "YALE-A"]
[BlackTeam "TXTEKA"]

1. Nf3 d5 2. d4 Nf6 3. c4 e6 4. e3 c6 5. Nbd2 a6 6. b3 c5 7. Bd3 cxd4 8. exd4
Nc6 9. Bb2 Be7 10. O-O O-O 11. Rc1 dxc4 12. bxc4 b5 13. c5 Rb8 14. Re1 Bb7 15.
Bb1 Rc8 16. Qe2 Re8 17. Rcd1 Nd5 18. h4 Rc7 19. Ne4 h6 20. h5 Bf8 21. Ng3 Rd7
22. a3 Nf6 23. Qc2 Rd5 24. Ne5 Be7 25. Ng4 Kf8 26. Nxf6 Bxf6 27. Qh7 Na5 28.
Nf5 Rxf5 29. Bxf5 Bd5 30. Be4 Ke7 31. Bc3 Nc6 32. Bxd5 Qxd5 33. Qe4 Rd8 34. g4
Bxd4 35. Qxd5 Rxd5 36. Bxd4 Nxd4 37. Kf1 Kd7 38. Re4 e5 39. f4 f6 40. fxe5 fxe5
41. g5 Rxc5 42. Rg4 Ke6 43. gxh6 gxh6 44. Rg6+ Kf5 45. Rxh6 Kg5 46. Rh8 Nf5 47.
Ke2 Ng3+ 48. Kf2 Ne4+ 49. Ke3 Nf6 50. Rg1+ Ng4+ 51. Kd2 Rd5+ 52. Ke2 Kh4 53.
Rh1+ Kg3 54. Rg8 Kg2 55. Rh4 1-0

[Event "Saint Louis GM 2014.11"]
[Site "Saint Louis USA"]
[Date "2014.11.23"]
[Round "6.5"]
[White "Bregadze, Levan"]
[Black "Panjwani, Raja"]
[Result "1/2-1/2"]
[WhiteElo "2458"]
[BlackElo "2421"]
[PlyCount "40"]
[EventDate "2014.11.21"]
[EventType "tourn"]
[EventRounds "9"]
[EventCountry "USA"]
[EventCategory "9"]
[Source "Chess Mix"]

1. d4 d6 2. c4 e5 3. Nf3 exd4 4. Nxd4 g6 5. Nc3 Bg7 6. e4 Nc6 7. Nxc6 bxc6 8.
Be2 Ne7 9. Be3 Be6 10. Qd2 Qb8 11. O-O O-O 12. Rab1 a5 13. c5 d5 14. exd5 Nxd5
15. Nxd5 Bxd5 16. b3 Qb4 17. Rfd1 Qxd2 18. Rxd2 a4 19. Bf3 axb3 20. axb3 Bxf3
1/2-1/2